000 00896cam a2200301 i 4500
001 1563
003 BD-RjUL
005 20211208233347.0
008 131208s1975 nyu b 001 0 eng
020 _a0471088951
035 _a(BD-RjUL)1588
040 _aDLC
_cDLC
_dDLC
_dBD-RjUL
_beng
041 _aeng
082 0 0 _a301.21
_bBOS 1975
100 1 _aBorhek, James T.,
_d1930-
_95164
245 1 2 _aA sociology of belief /
_cJames T. Borhek, Richard F. Curtis.
260 _aNew York :
_bWiley,
_cc1975.
300 _axiv, 201 p. ;
_c22 cm.
500 _a"A Wiley-Interscience publication."
500 _aIncludes indexes.
504 _aBibliography: p. 183-193.
650 0 _aBelief and doubt.
_95165
650 0 _aKnowledge, Sociology of.
_95166
700 1 _aCurtis, Richard Farnsworth,
_d1931-
_ejoint author.
_95167
942 _2ddc
_cBK
999 _c1563
_d1563